| 000 -LEADER |
| fixed length control field |
00603nam a22002297a 4500 |
| 003 - CONTROL NUMBER IDENTIFIER |
| control field |
OSt |
| 005 - DATE AND TIME OF LATEST TRANSACTION |
| control field |
20210426121157.0 |
| 008 - FIXED-LENGTH DATA ELEMENTS--GENERAL INFORMATION |
| fixed length control field |
210128s1997 ||||| |||| 00| 0 eng d |
| 020 ## - INTERNATIONAL STANDARD BOOK NUMBER |
| International Standard Book Number |
0717125386 |
| 040 ## - CATALOGING SOURCE |
| Original cataloging agency |
eng |
| Language of cataloging |
eng |
| Transcribing agency |
DLC |
| 041 ## - LANGUAGE CODE |
| Language code of text/sound track or separate title |
eng |
| 080 ## - UNIVERSAL DECIMAL CLASSIFICATION NUMBER |
| Universal Decimal Classification number |
008 |
| Item number |
M-44 |
| 100 ## - MAIN ENTRY--PERSONAL NAME |
| 9 (RLIN) |
722 |
| Personal name |
McArdle, Joseph |
| 245 ## - TITLE STATEMENT |
| Title |
Dublin / Portrait of a City |
| Statement of responsibility, etc. |
/ by: Gill and Macmillan |
| 260 ## - PUBLICATION, DISTRIBUTION, ETC. |
| Place of publication, distribution, etc. |
Dublin |
| Name of publisher, distributor, etc. |
Gill and Macmillan |
| Date of publication, distribution, etc. |
1997 |
| 300 ## - PHYSICAL DESCRIPTION |
| Extent |
92 p. |
| Other physical details |
ill. |
| 365 ## - TRADE PRICE |
| Price amount |
9.99 gbp |
| 650 #0 - SUBJECT ADDED ENTRY--TOPICAL TERM |
| 9 (RLIN) |
493 |
| Topical term or geographic name entry element |
Culture |
| 653 ## - INDEX TERM--UNCONTROLLED |
| Uncontrolled term |
კულტურა |
| 700 ## - ADDED ENTRY--PERSONAL NAME |
| 9 (RLIN) |
723 |
| Personal name |
Zoller, Peter |
| Relator term |
Photographer |
| 942 ## - ADDED ENTRY ELEMENTS (KOHA) |
| Source of classification or shelving scheme |
|
| Koha item type |
Books |